000 00371nam a22001697a 4500
003 UA-OsUOA
001 4501
007 ta
008 20050721b un ||||| |||| 00| 0 ukr d
100 _aSchmidt
700 _aErpeditus.
942 _cBK
040 _aUA-OsUOA
_cUA-OsUOA
_dUA-OsUOA
245 _aFaust Goetes Menfchheitsdichtung.
_bGerman
955 _a2
650 7 _2UDC
999 _c290663
_d290663